000
00207nam a22001097a 4500
041
_a
eng
080
_a
80
100
_a
Palmer, Raymond
245
_a
The Making of a Spy
650
_a
Fiction
999
_c
278731
_d
278731
942
_c
BK